000 01029cam a2200265 a 4500
999 _c129392
_d129392
001 2842165
003 ARRUPE
005 20190423122812.0
008 840905t19841952nyu 000 0 eng
010 _a 84020027
020 _a0020868308 (pbk.) :
_c$2.95
040 _aDLC
_cDLC
_dDLC
050 0 0 _aBT77
_b.L348 1984
082 0 0 _a230
_219
100 1 _aLewis, C. S.
_q(Clive Staples),
_d1898-1963.
_921448
245 1 0 _aMere Christianity :
_ba revised and enlarged edition, with a new introduction, of the three books, The case for Christianity, Christian behaviour, and Beyond personality /
_cC.S. Lewis.
250 _aMacmillan paperbacks ed.
260 _aNew York :
_bMacmillan Pub. Co.,
_c[1984], c1952.
300 _a190 p. ;
_c18 cm.
500 _aRev. ed. first published in 1952.
650 0 _aTheology, Doctrinal
_xPopular works.
_92700
650 0 _aApologetics.
_945803
650 0 _aChristian ethics
_xAnglican authors.
_912023
906 _a7
_bcbc
_corignew
_d1
_eocip
_f19
_gy-gencatlg
942 _2lcc
_cMONOGRAPH